Plato : the man and his work = Platón: el hombre y su obra /
Uloženo v:
| Hlavní autor: | |
|---|---|
| Médium: | Neznámo |
| Jazyk: | English |
| Vydáno: |
New York :
Meridian Books,
1956.
|
| Témata: | |
| Tagy: |
Přidat tag
Žádné tagy, Buďte první, kdo vytvoří štítek k tomuto záznamu!
|
MARC
| LEADER | 000000000a22000000004500 | ||
|---|---|---|---|
| 001 | 013537 | ||
| 041 | 0 | |a eng | |
| 082 | 0 | 4 | |a 184.1 |b T245pl |
| 100 | 1 | |a Taylor, A. E. |c (Alfred Edward), |d 1869-1945 | |
| 245 | 1 | 0 | |a Plato : |b the man and his work = Platón: el hombre y su obra / |c A. E. Taylor. |
| 246 | 3 | 1 | |a Platón: el hombre y su obra |
| 260 | 1 | |a New York : |b Meridian Books, |c 1956. | |
| 300 | |a xi, 562 páginas ; |c 21 cm. | ||
| 650 | 4 | |a PLATO | |
| 500 | |a Colección George Yúdice | ||
| 999 | |c 19456 |d 19456 | ||
| 942 | |c BK |h 184.1 T245pl |2 z | ||
